Hardware microinformático :viaje a las profundidades del PC / José María Martin Martin-Pozuelo (Registro nro. 18615)

Detalles MARC
000 -LÍDER
fixed length control field 00561nam a2200157 4500
008 - ELEMENTOS DE LONGITUD FIJA -- INFORMACIÓN GENERAL
fixed length control field 0 2004 0ant 000 0MEX
020 ## - NÚMERO INTERNACIONAL NORMALIZADO PARA LIBROS
ISBN 970-15-0960-9
050 ## - SIGNATURA TOPOGRAFICA DE LA BIBLIOTECA DEL CONGRESO (LC)
Número de Clasificación TK7885.7 M37 2004
082 ## - NUMERO DE CLASIFICACION DECIMAL DEWEY
Número de Clasificación 621.381.953 M379h
100 ## - ASIENTO PRINCIPAL--NOMBRE PERSONAL
Nombre personal Martin Martin-Pozuelo, José María
245 ## - TÍTULO
Título Hardware microinformático :viaje a las profundidades del PC / José María Martin Martin-Pozuelo
250 ## - MENCIÓN DE EDICIÓN
Mención de edición 3a ed / ampliada y actualizada
260 ## - PUBLICACIÓN, DISTRIBUCIÓN, ETC. (PIE DE IMPRENTA)
Lugar de publicación, distribución, etc. México : Alfaomega : Ra-Ma
300 ## - DESCRIPCIÓN FÍSICA
Extensión 722 p. / 24 cm.
650 ## - ASIENTO SECUNDARIO DE MATERIA - TERMINO TEMÁTICO
Término temático o nombre geográfico como elemento de entrada 1.HARDWARE \ 2.ARQUITECTURA DE COMPUTADORAS
Existencias
No. biblioteca No. biblioteca Número de clasificación Código de barras/Número de adquisición Número de copia Tipo de material
LUIS G. INCLAN LUIS G. INCLAN 621.381.953 M379h 44761 1 Libros
LUIS G. INCLAN LUIS G. INCLAN 621.381.953 M379h 46154 2 Libros
LUIS G. INCLAN LUIS G. INCLAN 621.381.953 M379h 46155 3 Libros
LUIS G. INCLAN LUIS G. INCLAN 621.381.953 M379h 46702 4 Libros
LUIS G. INCLAN LUIS G. INCLAN 621.381.953 M379h 46703 5 Libros
Calzada Tecnológico # 27, Zacatepec, Morelos.
01(734) 343-07-23 / 343-21-10 / 343-21-11
Apdo. Postal 45 C.P 62780